000 00998nam a22002897a 4500
001 BR9803722
003 BR-BrBNA
005 20230928100038.0
007 ta
008 230509b bl.||||| |||| 00| 0 por d
040 _aBR-BrBNA
_bpor
_cBiblioteca Nacional de Agricultura
041 _a(Por)
072 _aF06; F60
_b0329
090 _ 0329 BR9803722
100 1 _aRamos, A.
110 1 _aEscola Superior de Agricultura Luiz de Queiroz, Piracicaba, SP (Brasil)
_0Tese (Mestre em Agronomia)
245 1 _aDesenvolvimento vegetativo da pupunheira (Bactris gasipaes Kunth)irrigada por gotejamento em funcao de diferentes niveis de deplecao de agua no solo
260 3 _aPiracicaba, SP (Brasil):
_c1998.
300 _a66 p.
500 _aBibliography p. 59-66; 35 illus.; 17 tables; Summaries (Eng, Por)
650 _aPupunha
650 _aBalanco Hidrico
650 _aEvapotranspiracao
650 _aIrrigacao por Gotejamento
909 _a202309
_bLucia
_c55
_dLucia Elande
942 _cBK
999 _c60037
_d60037